[Event "Riga Tech Open A 2018"]
[Site "Riga LAT"]
[Date "2018.08.07"]
[Round "3.9"]
[White "Lobanov, Sergei"]
[Black "Sinz, Bernhard"]
[Result "1/2-1/2"]
[WhiteTitle "IM"]
[BlackTitle "FM"]
[WhiteElo "2531"]
[BlackElo "2377"]
[WhiteFideId "24183750"]
[BlackFideId "4618807"]
[EventDate "2018.08.06"]

1. e4 e5 2. Bc4 Nf6 3. d3 Nc6 4. Nf3 Be7 5. O-O O-O 6. Re1 d6 7. c3 Na5 8. Bb5
a6 9. Ba4 c5 10. d4 Qc7 11. Nbd2 Bd7 12. Bxd7 Nxd7 13. Nf1 Rfe8 14. Ne3 Rad8 15.
Nd5 Qb8 16. b3 Nc6 17. Be3 Nf8 18. Qe2 Ne6 19. Rad1 exd4 20. cxd4 b5 21. Nxe7+
Nxe7 22. d5 Nf8 23. Nh4 Qc8 24. Bc1 Nfg6 25. Nxg6 Nxg6 26. g4 Ne5 27. f3 c4 28.
Be3 cxb3 29. Rc1 Qd7 30. axb3 Rc8 31. h3 Rxc1 32. Rxc1 Rc8 33. f4 Rxc1+ 34. Bxc1
Ng6 35. Kg2 Qc7 36. Qd2 a5 37. Bb2 f6 38. Kg3 a4 39. bxa4 bxa4 40. e5 fxe5 41.
fxe5 Qb6 42. Kh2 a3 43. Bd4 Nxe5 44. Bxe5 dxe5 45. d6 Qb2 46. Qxb2 axb2 47. d7
b1=Q 48. d8=Q+ Kf7 1/2-1/2

[Event "Riga Tech Open A 2018"]
[Site "Riga LAT"]
[Date "2018.08.07"]
[Round "3.11"]
[White "Saveliev, Alexei"]
[Black "Thybo, Jesper Sondergaard"]
[Result "0-1"]
[BlackTitle "IM"]
[WhiteElo "2382"]
[BlackElo "2496"]
[WhiteFideId "24128546"]
[BlackFideId "1438832"]
[EventDate "2018.08.06"]

1. e4 e5 2. Nf3 Nc6 3. Bb5 a6 4. Ba4 Nf6 5. O-O Be7 6. Re1 b5 7. Bb3 d6 8. c3
O-O 9. h3 Nb8 10. d4 Nbd7 11. c4 c6 12. c5 Qc7 13. cxd6 Bxd6 14. Bg5 exd4 15.
Bxf6 gxf6 16. Nxd4 Nc5 17. Nf5 Bxf5 18. exf5 Rad8 19. Qg4+ Kh8 20. Nc3 Be5 21.
Rad1 Nd3 22. Re4 Rg8 23. Qh4 Nc5 24. Ree1 Rxd1 25. Rxd1 Rd8 26. Qb4 Nxb3 27.
axb3 Rxd1+ 28. Nxd1 c5 29. Qd2 Bd4 30. b4 Qe5 31. bxc5 Bxc5 32. g4 Qg3+ 0-1

[Event "Riga Tech Open A 2018"]
[Site "Riga LAT"]
[Date "2018.08.07"]
[Round "3.14"]
[White "Laurusas, Tomas"]
[Black "Stauskas, Lukas"]
[Result "1-0"]
[WhiteTitle "IM"]
[WhiteElo "2463"]
[BlackElo "2256"]
[WhiteFideId "12803731"]
[BlackFideId "12808148"]
[EventDate "2018.08.06"]

1. d4 Nf6 2. c4 e6 3. Nf3 d5 4. g3 Bb4+ 5. Bd2 Bd6 6. Bg2 O-O 7. O-O c6 8. Nc3
Nbd7 9. Qb3 dxc4 10. Qxc4 e5 11. Rad1 Qe7 12. e4 exd4 13. Nxd4 Ne5 14. Qb3 Bg4
15. f3 Bc5 16. Be3 Be6 17. Qc2 Bc4 18. Rf2 Rfd8 19. Na4 Bxd4 20. Rxd4 b5 21.
Rxd8+ Rxd8 22. Nc5 Nd3 23. Nxd3 Rxd3 24. Bd2 Qd7 25. b3 Be6 26. Bf1 Rd4 27. Bc3
Rd1 28. Bd2 Ra1 29. Bc1 1-0

[Event "Riga Tech Open A 2018"]
[Site "Riga LAT"]
[Date "2018.08.07"]
[Round "3.15"]
[White "Gorodetzky, David"]
[Black "Semjonovs, Ilja"]
[Result "1/2-1/2"]
[WhiteTitle "IM"]
[WhiteElo "2451"]
[BlackElo "2242"]
[WhiteFideId "2813416"]
[BlackFideId "11604263"]
[EventDate "2018.08.06"]

1. Nf3 Nf6 2. b3 g6 3. Bb2 Bg7 4. g3 c5 5. c4 b6 6. Bg2 Bb7 7. O-O O-O 8. Nc3 d5
9. Nxd5 Nxd5 10. Bxg7 Kxg7 11. cxd5 Qxd5 12. d4 cxd4 13. Qxd4+ Qxd4 14. Nxd4
Bxg2 15. Kxg2 Rc8 16. Rac1 Na6 17. a3 Nc5 18. b4 Ne6 19. Nxe6+ fxe6 20. Rfd1 Kf6
21. Rxc8 Rxc8 22. Rd7 a5 23. bxa5 bxa5 24. Ra7 Rc5 25. h4 h5 26. e3 e5 27. e4
Rc4 28. Rxa5 Rxe4 29. Kf1 Rc4 30. Ra8 Rc2 31. a4 Ra2 32. a5 e4 33. a6 e3 34. a7
e2+ 35. Ke1 Kg7 36. f3 Kh7 37. Kf2 Kg7 38. g4 Kh7 39. g5 Kg7 40. f4 1/2-1/2

[Event "Riga Tech Open A 2018"]
[Site "Riga LAT"]
[Date "2018.08.07"]
[Round "3.16"]
[White "Hjelmas, Lars"]
[Black "Yankelevich, Lev"]
[Result "1/2-1/2"]
[WhiteTitle "FM"]
[BlackTitle "IM"]
[WhiteElo "2271"]
[BlackElo "2420"]
[WhiteFideId "1501054"]
[BlackFideId "24684074"]
[EventDate "2018.08.06"]

1. d4 d5 2. c4 dxc4 3. Nf3 Nf6 4. g3 g6 5. Bg2 Bg7 6. Qa4+ Nfd7 7. Qxc4 Nb6 8.
Qc2 Nc6 9. O-O O-O 10. Rd1 Bg4 11. Be3 Nd5 12. Nc3 Nxe3 13. fxe3 Bh6 14. d5
Bxe3+ 15. Kh1 Bf5 16. Qa4 Nb8 17. Nd4 Bc8 18. Rd3 Bh6 19. Rad1 Qd7 20. Qc4 a6
21. Ne6 Qd6 1/2-1/2

[Event "Riga Tech Open A 2018"]
[Site "Riga LAT"]
[Date "2018.08.07"]
[Round "3.17"]
[White "Jazdanovs, Aleksandrs"]
[Black "Ruiz Castillo, Joshua Daniel"]
[Result "0-1"]
[BlackTitle "IM"]
[WhiteElo "2042"]
[BlackElo "2415"]
[WhiteFideId "11604492"]
[BlackFideId "4400704"]
[EventDate "2018.08.06"]

1. e4 e6 2. d4 d5 3. Nc3 Bb4 4. exd5 exd5 5. Bd3 Nf6 6. Ne2 O-O 7. O-O Bg4 8.
Bg5 c6 9. Qd2 Nbd7 10. a3 Bd6 11. h3 Bh5 12. Nf4 Bg6 13. Nxg6 fxg6 14. Rfe1 Qc7
15. Re6 Nh5 16. Rae1 Bh2+ 17. Kh1 Nf4 18. Bxf4 Bxf4 19. Qe2 Bd6 20. g3 Nf6 21.
Kg2 Rf7 22. Qe3 Raf8 23. Re2 Qd7 24. Qg5 b5 25. f4 Nh5 26. Qg4 Bxf4 27. gxf4
Nxf4+ 28. Kh2 h5 29. Qg3 Nxe2 30. Rxe2 Rf3 31. Qg2 Qd6+ 0-1

[Event "Riga Tech Open A 2018"]
[Site "Riga LAT"]
[Date "2018.08.07"]
[Round "3.19"]
[White "Kovalenko, Igor"]
[Black "Konguvel, Ponnuswamy"]
[Result "1-0"]
[WhiteTitle "GM"]
[BlackTitle "IM"]
[WhiteElo "2641"]
[BlackElo "2348"]
[WhiteFideId "14117908"]
[BlackFideId "5000548"]
[EventDate "2018.08.06"]

1. Nf3 Nf6 2. c4 g6 3. Nc3 Bg7 4. e4 d6 5. d4 O-O 6. Be2 e5 7. O-O Nc6 8. d5 Ne7
9. Ne1 Nd7 10. f3 f5 11. Be3 f4 12. Bf2 g5 13. Nd3 Ng6 14. Rc1 Nf6 15. c5 Rf7
16. Kh1 Bf8 17. Rg1 Rg7 18. b4 Nh8 19. g3 fxg3 20. Rxg3 Nh5 21. Rg1 Ng6 22. Be3
Ngf4 23. Nf2 Nf6 24. a4 Qe8 25. a5 Qh5 26. Nb5 a6 27. Bxf4 exf4 28. Nd4 Nd7 29.
Ng4 Rg6 30. Ne6 Bg7 31. Nxc7 Rb8 32. cxd6 Ne5 33. Ne6 Nxg4 34. Rxg4 Bf6 35. Qg1
Bd7 36. Rc7 1-0

[Event "Riga Tech Open A 2018"]
[Site "Riga LAT"]
[Date "2018.08.07"]
[Round "3.20"]
[White "Chekletsov, Ilya"]
[Black "Bluebaum, Matthias"]
[Result "1/2-1/2"]
[WhiteTitle "IM"]
[BlackTitle "GM"]
[WhiteElo "2379"]
[BlackElo "2637"]
[WhiteFideId "24177156"]
[BlackFideId "24651516"]
[EventDate "2018.08.06"]

1. d4 d5 2. c4 e6 3. Nf3 Nf6 4. g3 dxc4 5. Bg2 Bb4+ 6. Bd2 a5 7. Qc2 b6 8. Qxc4
Ba6 9. Qc2 c5 10. a3 Bxd2+ 11. Nfxd2 Nbd7 12. dxc5 Rc8 13. c6 Nb8 14. Nc3 Nxc6
15. Nf3 O-O 16. O-O b5 17. Rfd1 Qe7 18. Nd4 Nxd4 19. Rxd4 e5 20. Rdd1 Bb7 21.
Bxb7 Qxb7 22. Qd3 b4 23. axb4 axb4 24. Nd5 Nxd5 1/2-1/2

[Event "Riga Tech Open A 2018"]
[Site "Riga LAT"]
[Date "2018.08.07"]
[Round "3.21"]
[White "Stark, Lars"]
[Black "Hovhannisyan, Robert"]
[Result "0-1"]
[WhiteTitle "IM"]
[BlackTitle "GM"]
[WhiteElo "2368"]
[BlackElo "2608"]
[WhiteFideId "4676386"]
[BlackFideId "13302507"]
[EventDate "2018.08.06"]

1. c4 e5 2. Nc3 Bb4 3. Qc2 Nf6 4. Nf3 Nc6 5. e3 d6 6. Be2 O-O 7. O-O Re8 8. d3
Bf5 9. a3 Bxc3 10. Qxc3 e4 11. Nd4 Nxd4 12. Qxd4 c5 13. Qc3 d5 14. d4 cxd4 15.
Qxd4 dxc4 16. Qxd8 Rexd8 17. Bxc4 Rac8 18. b3 a6 19. a4 Be6 20. Bxe6 fxe6 21.
Bb2 Rd3 22. Bxf6 gxf6 23. Rab1 Kf7 24. a5 Rd5 25. b4 Rb5 26. Rb2 Rc4 27. Rfb1 f5
28. Kf1 Kf6 29. Ke2 e5 30. Kd2 h5 31. Rb3 h4 32. R3b2 f4 33. h3 Ke6 34. Ke2 Kf5
35. Kd2 f3 36. gxf3 exf3 37. Kd3 Rc7 38. e4+ Kf4 39. Rg1 Rd7+ 40. Kc3 Kxe4 41.
Rg4+ Kf5 42. Rxh4 Rbd5 43. Rc2 Rd3+ 44. Kb2 R3d4 45. Rh5+ Kf4 46. Kb3 Rd3+ 47.
Kb2 Rd2 48. Rh4+ Kg5 49. Rh8 R7d4 50. Kb3 Rxb4+ 51. Kc3 Rdd4 52. Rg8+ Kf5 53.
Rf8+ Ke4 54. h4 Ra4 55. h5 Rdc4+ 56. Kd2 Rxc2+ 0-1

[Event "Riga Tech Open A 2018"]
[Site "Riga LAT"]
[Date "2018.08.07"]
[Round "3.22"]
[White "Jablonicky, Martin"]
[Black "Esipenko, Andrey"]
[Result "1/2-1/2"]
[WhiteTitle "FM"]
[BlackTitle "GM"]
[WhiteElo "2361"]
[BlackElo "2589"]
[WhiteFideId "14925621"]
[BlackFideId "24175439"]
[EventDate "2018.08.06"]

1. e4 c5 2. Nf3 d6 3. c3 Nf6 4. Be2 Bd7 5. e5 dxe5 6. Nxe5 Nc6 7. Nxd7 Qxd7 8.
O-O e6 9. d3 Be7 10. Nd2 O-O 11. a4 Rfd8 12. Nc4 h6 13. Re1 Qc7 14. Qc2 Rac8 15.
Bf1 Nd7 16. Qe2 Na5 17. Qg4 Nf6 18. Qf4 Qxf4 19. Bxf4 Nxc4 20. dxc4 g5 21. Bc1
a5 22. f4 gxf4 23. Bxf4 Bd6 24. Bc1 Kg7 25. Be2 b6 26. Rf1 Nd7 27. Be3 Ne5 28.
Rad1 Be7 29. Bf4 Ng6 30. Bg3 Bh4 31. Bxh4 Nxh4 32. Bh5 Nf5 33. g4 Nd6 34. Rd3
Kf8 35. Rf6 Kg7 36. Rf1 Rc7 37. Rfd1 Rcd7 38. h4 Kf6 39. Rf1+ Ke7 40. b3 f5 41.
Re3 Kf6 42. Kh2 Nc8 43. gxf5 exf5 44. Bg4 Rd2+ 45. Kh1 Ne7 46. Bxf5 Rd1 47. Bh3+
Rxf1+ 48. Bxf1 Rd1 49. Kg2 Nf5 50. Re8 Rc1 51. Rb8 Ne3+ 52. Kf2 Nxf1 53. Rxb6+
Kf5 54. Rxh6 Nd2 55. Ke3 Ne4 56. Rh5+ Kg4 57. Rh8 Re1+ 58. Kd3 Nf2+ 59. Kd2 Re5
60. Ra8 Kf3 61. Rf8+ Kg2 62. b4 axb4 63. cxb4 cxb4 64. Rb8 Re4 65. Rxb4 Rxh4 1/2-1/2

[Event "Riga Tech Open A 2018"]
[Site "Riga LAT"]
[Date "2018.08.07"]
[Round "3.25"]
[White "Zakhartsov, Viacheslav V."]
[Black "Shishkov, Andrei"]
[Result "1/2-1/2"]
[WhiteTitle "GM"]
[BlackTitle "FM"]
[WhiteElo "2544"]
[BlackElo "2370"]
[WhiteFideId "4115333"]
[BlackFideId "4500563"]
[EventDate "2018.08.06"]

1. d4 Nf6 2. c4 e6 3. Nf3 b6 4. a3 Ba6 5. Qc2 Bb7 6. Nc3 c5 7. e4 cxd4 8. Nxd4
Bc5 9. Nb3 Nc6 10. Bf4 e5 11. Bg5 h6 12. Bh4 Be7 13. f3 O-O 14. Rd1 Rc8 15. Bf2
d6 16. Be2 Qc7 17. O-O Qb8 18. Qd2 Ba6 19. Be3 Nd8 20. Nb5 Ne6 21. a4 Rfd8 22.
Nc1 Ne8 23. g3 Bg5 24. f4 exf4 25. gxf4 Bf6 26. Na2 Bb7 27. Nac3 a6 28. Nd4 Nxd4
29. Bxd4 Bxd4+ 30. Qxd4 Nf6 31. Rf2 Qc7 32. b4 Qe7 33. Bd3 a5 34. bxa5 bxa5 35.
Rg2 g6 36. Kh1 Kh7 37. Rb1 1/2-1/2

[Event "Riga Tech Open A 2018"]
[Site "Riga LAT"]
[Date "2018.08.07"]
[Round "3.27"]
[White "Meessen, Rudolf"]
[Black "Dragnev, Valentin"]
[Result "0-1"]
[WhiteTitle "FM"]
[BlackTitle "GM"]
[WhiteElo "2281"]
[BlackElo "2509"]
[WhiteFideId "202029"]
[BlackFideId "1634852"]
[EventDate "2018.08.06"]

1. d4 Nf6 2. Nc3 d5 3. Bf4 c5 4. e3 cxd4 5. exd4 a6 6. Nf3 Nc6 7. Ne5 Bd7 8. Be2
e6 9. Qd3 Qb6 10. O-O-O Rc8 11. Nxc6 Qxc6 12. Bf3 b5 13. Kb1 b4 14. Ne2 Be7 15.
g4 Ne4 16. Bxe4 dxe4 17. Qd2 Qb7 18. h4 a5 19. g5 a4 20. Qe3 Bb5 21. Rhe1 O-O
22. Ng3 b3 23. axb3 axb3 24. cxb3 Bd3+ 25. Rxd3 exd3 26. Qxd3 Rfd8 27. Ne4 Qd5
28. Rd1 Rc6 29. Rd2 Bb4 30. Rd1 Ra8 31. Bd2 Qa5 32. Nc3 Bxc3 33. Bxc3 Qa2+ 34.
Kc2 Rb8 35. Kd2 Qxb3 36. f3 Rd6 37. Qe4 Rbd8 38. f4 Rd5 39. Ke1 Rf5 40. Ke2 Qa4
41. Rd2 Qa6+ 42. Kf2 Qa1 43. h5 h6 44. g6 Rxh5 45. gxf7+ Kxf7 46. Kg3 Rdd5 47.
Rg2 Qf1 48. Qf3 Rh3+ 0-1

[Event "Riga Tech Open A 2018"]
[Site "Riga LAT"]
[Date "2018.08.07"]
[Round "3.28"]
[White "Annaberdiev, Meilis"]
[Black "Mishuchkov, Nikolai M."]
[Result "1-0"]
[WhiteTitle "IM"]
[BlackTitle "IM"]
[WhiteElo "2509"]
[BlackElo "2307"]
[WhiteFideId "14000563"]
[BlackFideId "4102401"]
[EventDate "2018.08.06"]

1. d4 Nf6 2. Bf4 d5 3. e3 c5 4. c3 Qb6 5. Qb3 Nc6 6. Nd2 c4 7. Qc2 Bg4 8. Be2
Bxe2 9. Nxe2 e6 10. O-O Be7 11. Ng3 O-O 12. e4 Qd8 13. Rae1 b5 14. e5 Ne8 15.
Nh5 g6 16. Ng3 Bg5 17. Ne2 Ng7 18. Nf3 Bxf4 19. Nxf4 g5 20. Ne2 h6 21. h3 Ne7
22. Nh2 h5 23. Ng3 Ng6 24. Qd2 Nf4 25. Nf3 Nd3 26. Rb1 g4 27. hxg4 hxg4 28. Ne1
Nxe1 29. Qxe1 Qh4 30. f3 f5 31. exf6 Rxf6 32. Ne4 g3 33. Qxg3 Qxg3 34. Nxg3 Rb8
35. b3 cxb3 36. Rxb3 Ne8 37. a4 Nd6 38. Ra1 Rf7 39. Ne2 Rfb7 40. Nf4 b4 41. Nxe6
bxc3 42. Rxc3 Rb1+ 43. Rxb1 Rxb1+ 44. Kh2 Rb4 45. Rc6 Nf5 46. Ra6 Kf7 47. Ng5+
Ke8 48. Rxa7 Nxd4 49. Ra5 Nc6 50. Rxd5 Rxa4 51. Ne4 Ke7 52. g4 Nd4 53. Re5+ Kf7
54. Kg3 Ra3 55. Ng5+ Kf6 56. Kf4 Ra2 57. Ne4+ Kf7 58. Rd5 Ra4 59. g5 Kg7 60. Kg4
Ne2 61. Rd7+ Kg6 62. Rd6+ Kg7 63. Rc6 Ra1 64. Rc4 Rg1+ 65. Kf5 Rf1 66. Rc7+ Kf8
67. Nd2 Rd1 68. Kf6 Ke8 69. Re7+ 1-0

[Event "Riga Tech Open A 2018"]
[Site "Riga LAT"]
[Date "2018.08.07"]
[Round "3.31"]
[White "Anurag, Mhamal"]
[Black "Modler, Andreas"]
[Result "1/2-1/2"]
[WhiteTitle "GM"]
[WhiteElo "2484"]
[BlackElo "2278"]
[WhiteFideId "5024366"]
[BlackFideId "24645877"]
[EventDate "2018.08.06"]

1. e4 c5 2. Nf3 e6 3. d4 cxd4 4. Nxd4 a6 5. c4 Nf6 6. Nc3 Bb4 7. Bd3 Nc6 8. Nxc6
dxc6 9. O-O e5 10. h3 O-O 11. Be3 Be6 12. Na4 Nd7 13. c5 Qh4 14. Qc2 Ba5 15. Bc4
Bxc4 16. Qxc4 Nf6 17. f3 Rad8 18. Rfd1 Nh5 19. Qb3 Qe7 20. Nb6 Nf4 21. Nc4 Qg5
22. Bxf4 exf4 23. e5 Bc7 24. Qxb7 Bxe5 25. Nxe5 Qxe5 26. Qxc6 Rc8 27. Qxa6 Rxc5
28. Qd6 Qe3+ 29. Kh1 Rc2 30. Qd4 Qe2 31. Rg1 Rxb2 32. a4 h6 33. Qxf4 Ra8 34. Qd4
Rd2 35. Qg4 g6 36. Rge1 Qf2 37. Rf1 Qd4 38. f4 Rxa4 39. Rxa4 Qxa4 40. Qc8+ Kg7
41. f5 Rd1 42. Qc3+ Kg8 43. Qc8+ Kg7 44. Qc3+ 1/2-1/2

[Event "Riga Tech Open A 2018"]
[Site "Riga LAT"]
[Date "2018.08.07"]
[Round "3.34"]
[White "Carlsson, Pontus"]
[Black "Thogersen, Rasmus"]
[Result "1-0"]
[WhiteTitle "GM"]
[BlackTitle "FM"]
[WhiteElo "2442"]
[BlackElo "2275"]
[WhiteFideId "1705814"]
[BlackFideId "1431412"]
[EventDate "2018.08.06"]

1. e4 c5 2. Nf3 d6 3. d4 cxd4 4. Nxd4 Nf6 5. Nc3 a6 6. Bg5 e6 7. f4 Be7 8. Qf3
Qc7 9. O-O-O O-O 10. Qg3 Nbd7 11. Re1 Rd8 12. e5 dxe5 13. fxe5 Nxe5 14. Nf3 Nh5
15. Qxe5 Qxe5 16. Rxe5 f6 17. g4 fxe5 18. Bxe7 Re8 19. Bd6 Nf6 20. Nxe5 Nd7 21.
Bg2 Nxe5 22. Bxe5 Bd7 23. Bxb7 Ra7 24. Be4 Rc8 25. Rd1 Bc6 26. Bd3 Bf3 27. Rg1
h6 28. Rg3 Ba8 29. Re3 a5 30. a4 Rf7 31. Bg3 Bf3 32. Ne4 Rd8 33. g5 Bg4 34. gxh6
gxh6 35. Nd6 Rf3 36. Rxf3 Bxf3 37. Kd2 h5 38. Ke3 Bd1 39. Nc4 Rd5 40. Be5 Rc5
41. b3 h4 42. Kf4 Rc8 43. Kg5 h3 44. Kh4 Rf8 45. Kxh3 Rf2 46. Kg3 1-0

[Event "Riga Tech Open A 2018"]
[Site "Riga LAT"]
[Date "2018.08.07"]
[Round "3.46"]
[White "Moksh, Amit Doshi"]
[Black "Smirin, Ilia"]
[Result "0-1"]
[BlackTitle "GM"]
[WhiteElo "2193"]
[BlackElo "2602"]
[WhiteFideId "25064967"]
[BlackFideId "2801990"]
[EventDate "2018.08.06"]

1. d4 Nf6 2. c4 g6 3. g3 Bg7 4. Bg2 O-O 5. Nc3 d6 6. Nf3 Nc6 7. O-O Bf5 8. d5
Na5 9. Nd2 c6 10. e4 Bg4 11. Qc2 Rc8 12. h3 Bd7 13. Qd3 cxd5 14. cxd5 e6 15. Nb3
exd5 16. Nxd5 Nxd5 17. Qxd5 Nc4 18. Bf4 b5 19. Nd2 Bc6 20. Qd3 Nxb2 21. Qxd6 Nd3
22. Rad1 Nxf4 23. Qxf4 Qa5 24. e5 Qxa2 25. Bxc6 Rxc6 26. Ra1 Qe6 27. Nf3 Rc4 28.
Qe3 a6 29. Rfd1 Rfc8 30. Kg2 Bf8 31. Qa7 Ra4 32. Rxa4 bxa4 33. Ng5 Qc6+ 34. Kh2
Rc7 35. Qb8 Qb7 36. Qe8 Qb5 37. Qa8 Qe2 38. Ne4 Qxd1 39. Nf6+ Kg7 40. Ne8+ Kh6
41. Nxc7 Bc5 42. Qe4 Qd4 43. Qxd4 Bxd4 44. Nxa6 a3 45. Nb4 Bxf2 0-1

[Event "Riga Tech Open A 2018"]
[Site "Riga LAT"]
[Date "2018.08.07"]
[Round "3.47"]
[White "Merry, Alan B"]
[Black "Huber, Philipp"]
[Result "1/2-1/2"]
[WhiteTitle "IM"]
[WhiteElo "2445"]
[BlackElo "2189"]
[WhiteFideId "418811"]
[BlackFideId "4643887"]
[EventDate "2018.08.06"]

1. e4 c5 2. Nf3 e6 3. g3 Nc6 4. Bg2 Nf6 5. d3 d6 6. O-O Be7 7. Nbd2 O-O 8. c3
Qc7 9. a3 b5 10. b3 Bb7 11. Bb2 d5 12. Re1 dxe4 13. dxe4 Rfd8 14. Qe2 c4 15. a4
bxa4 16. b4 Ba6 17. Rxa4 Bb5 18. Ra2 a6 19. Qd1 Nd7 20. Qc2 Rac8 21. Nb1 Nde5
22. Nxe5 Nxe5 23. Na3 Rd3 24. Bc1 Bf6 25. Nb1 Rcd8 26. Be3 R3d7 27. Qe2 Nd3 28.
Rf1 Nxb4 29. cxb4 c3 30. Qc2 Bd3 31. Qb3 Bc4 32. Qc2 Bd3 33. Qb3 Bc4 34. Qc2 1/2-1/2

[Event "Riga Tech Open A 2018"]
[Site "Riga LAT"]
[Date "2018.08.08"]
[Round "4.2"]
[White "Kaczur, Florian"]
[Black "Stocek, Jiri"]
[Result "1-0"]
[WhiteTitle "IM"]
[BlackTitle "GM"]
[WhiteElo "2482"]
[BlackElo "2582"]
[WhiteFideId "705098"]
[BlackFideId "304760"]
[EventDate "2018.08.06"]

1. e4 e6 2. d4 d5 3. Nd2 Be7 4. Bd3 c5 5. dxc5 Nf6 6. Qe2 O-O 7. Ngf3 a5 8. c3
Nfd7 9. O-O Nxc5 10. Bc2 b6 11. Rd1 Ba6 12. Qe3 Nc6 13. Nb3 Re8 14. e5 Nxb3 15.
axb3 Bc5 16. Qf4 f5 17. Re1 Qe7 18. g4 fxg4 19. Qxg4 Rf8 20. Be3 g6 21. Bg5 Qf7
22. Kg2 Be7 23. Qg3 Qxf3+ 24. Qxf3 Rxf3 25. Bxe7 Rf7 26. Bd6 Bb5 27. Re3 Rc8 28.
Rd1 Nd8 29. Rd4 Nb7 30. Ba3 Bc6 31. h4 b5 32. Bd1 Bd7 33. h5 gxh5 34. Bxh5 Rg7+
35. Rg3 Be8 36. Rdg4 Bg6 37. Bxg6 hxg6 38. Rxg6 Rc7 39. Rxe6 Rxg3+ 40. fxg3 d4
41. Bd6 dxc3 42. bxc3 Nxd6 43. exd6 Rd7 44. Re5 Rxd6 45. Rxb5 Rc6 46. c4 a4 47.
bxa4 Rxc4 48. a5 Ra4 49. Kh3 Kg7 50. g4 Kf7 51. Kh4 Kg7 52. Kh5 Ra1 53. Rb7+ Kf6
54. g5+ Kf5 55. Rb5+ Kf4 56. Kg6 Kg4 57. Kg7 1-0

[Event "Riga Tech Open A 2018"]
[Site "Riga LAT"]
[Date "2018.08.08"]
[Round "4.5"]
[White "Kovalenko, Igor"]
[Black "Hedman, Erik"]
[Result "1-0"]
[WhiteTitle "GM"]
[BlackTitle "FM"]
[WhiteElo "2641"]
[BlackElo "2370"]
[WhiteFideId "14117908"]
[BlackFideId "1702351"]
[EventDate "2018.08.06"]

1. Nf3 c5 2. e4 Nc6 3. Nc3 d6 4. d4 cxd4 5. Nxd4 Nf6 6. Nb3 e6 7. f4 Be7 8. Be3
O-O 9. Qf3 a6 10. O-O-O Qc7 11. g4 b5 12. g5 Nd7 13. h4 Nc5 14. h5 Bb7 15. Kb1
Rfc8 16. Rh2 Bf8 17. g6 Rd8 18. Rhd2 b4 19. Ne2 a5 20. Nec1 Nd7 21. gxf7+ Kh8
22. Bh3 a4 23. Nd4 Nxd4 24. Bxd4 d5 25. h6 Nf6 26. Bxe6 dxe4 27. Qg3 Rxd4 28.
Rxd4 Nh5 29. Qg5 Nxf4 30. hxg7+ Bxg7 31. Rd8+ Bf8 32. Qg8# 1-0

[Event "Riga Tech Open A 2018"]
[Site "Riga LAT"]
[Date "2018.08.08"]
[Round "4.6"]
[White "Korchmar, Vasiliy"]
[Black "Donchenko, Alexander"]
[Result "0-1"]
[WhiteTitle "IM"]
[BlackTitle "GM"]
[WhiteElo "2415"]
[BlackElo "2612"]
[WhiteFideId "24131750"]
[BlackFideId "24603295"]
[EventDate "2018.08.06"]

1. d4 Nf6 2. c4 e6 3. g3 c5 4. d5 exd5 5. cxd5 d6 6. Nc3 g6 7. Nf3 Bg7 8. Bg2
O-O 9. O-O Re8 10. Bf4 Bf5 11. Nh4 Bg4 12. Qd2 b5 13. Nxb5 Rxe2 14. Qc1 Ne4 15.
Qc4 Rxb2 16. Rab1 Be2 17. Qxe4 Bxb5 18. Rxb2 Bxf1 19. Rb7 Bxg2 20. Kxg2 Nd7 21.
Bxd6 Nf6 22. Qe7 Qxe7 23. Bxe7 c4 24. d6 Nd5 25. Nf3 c3 26. Ne1 a5 27. a4 Nxe7
28. dxe7 Re8 29. Nc2 Bf6 30. Rc7 Rxe7 31. Rxe7 Bxe7 32. Kf3 Kg7 33. Ke4 Kf6 34.
Kd3 Bc5 35. f3 Bg1 36. h3 Bh2 37. g4 Kg5 38. Kxc3 Kh4 39. Kc4 Kxh3 40. Kb5 h5
41. gxh5 gxh5 42. Kxa5 Bg1 43. Kb5 h4 44. Kc4 Kg3 45. Nd4 Bxd4 0-1

[Event "Riga Tech Open A 2018"]
[Site "Riga LAT"]
[Date "2018.08.08"]
[Round "4.7"]
[White "Hovhannisyan, Robert"]
[Black "Fenil, Shah"]
[Result "1-0"]
[WhiteTitle "GM"]
[BlackTitle "IM"]
[WhiteElo "2608"]
[BlackElo "2412"]
[WhiteFideId "13302507"]
[BlackFideId "5019850"]
[EventDate "2018.08.06"]

1. e4 e6 2. d4 d5 3. Nc3 Nf6 4. Bg5 dxe4 5. Nxe4 Nbd7 6. Nxf6+ Nxf6 7. Nf3 h6 8.
Bh4 Be7 9. Bd3 c5 10. dxc5 Qa5+ 11. c3 Qxc5 12. O-O b6 13. Qe2 Bb7 14. Bb5+ Kf8
15. Ba6 Qc6 16. Rfd1 Qe4 17. Qf1 Bd5 18. Bg3 Nh5 19. Bd3 Qa4 20. Ne5 Nxg3 21.
fxg3 Bf6 22. Bb5 Qc2 23. Nd7+ Kg8 24. Nxf6+ gxf6 25. Rab1 Be4 26. Bc4 Bf5 27.
Bb3 Qe4 28. Re1 Qc6 29. Rbd1 Kg7 30. Rd4 Rad8 31. Red1 Qc5 32. Kh1 Rxd4 33. cxd4
Qe7 34. d5 Rd8 35. Re1 Qd6 36. Re3 Qc5 37. Rc3 Qd6 38. h3 Be4 39. dxe6 fxe6 40.
Kh2 Qe5 41. Qe2 f5 42. Bc2 Rd4 43. Bxe4 Rxe4 44. Qa6 Re3 45. Qxa7+ Kg6 46. Rxe3
Qxe3 47. Qb8 e5 48. a4 Qd4 49. Qg8+ Kf6 50. Qf8+ Kg6 51. b4 Qd5 52. Qb8 Qe6 53.
a5 bxa5 54. bxa5 Qa2 55. Qe8+ Kf6 56. Qh8+ 1-0

[Event "Riga Tech Open A 2018"]
[Site "Riga LAT"]
[Date "2018.08.08"]
[Round "4.8"]
[White "Bernotas, Arturs"]
[Black "Predke, Alexandr"]
[Result "0-1"]
[WhiteTitle "FM"]
[BlackTitle "GM"]
[WhiteElo "2406"]
[BlackElo "2606"]
[WhiteFideId "11601426"]
[BlackFideId "24107581"]
[EventDate "2018.08.06"]

1. e4 c5 2. Nf3 d6 3. Bb5+ Nd7 4. d4 cxd4 5. Qxd4 a6 6. Bxd7+ Bxd7 7. c4 Nf6 8.
Nc3 g6 9. O-O Bg7 10. Qd3 Rc8 11. Bg5 h6 12. Bd2 O-O 13. a4 Bg4 14. b3 Nd7 15.
Rab1 Nc5 16. Qe3 f5 17. exf5 Bxf5 18. Rb2 Nd3 19. Ra2 Nb4 20. Rb2 Nd3 21. Ra2
Nb4 22. Rb2 d5 23. Nd4 Bxd4 24. Qxd4 e5 25. Qa7 Ra8 26. Qxb7 Rb8 27. Qa7 Rf7 28.
Qe3 d4 29. Qg3 Nd3 30. Ra2 dxc3 31. Bxc3 Rxb3 32. Ba1 Qb8 33. Rd2 Rb1 34. Rdd1
Rfb7 35. Qf3 Rxd1 36. Qxd1 Nf4 0-1

[Event "Riga Tech Open A 2018"]
[Site "Riga LAT"]
[Date "2018.08.08"]
[Round "4.15"]
[White "Dragnev, Valentin"]
[Black "Hansen, Mads"]
[Result "1-0"]
[WhiteTitle "GM"]
[BlackTitle "IM"]
[WhiteElo "2509"]
[BlackElo "2387"]
[WhiteFideId "1634852"]
[BlackFideId "1401610"]
[EventDate "2018.08.06"]

1. Nf3 Nf6 2. d4 e6 3. e3 c5 4. Bd3 b6 5. O-O Bb7 6. c4 Be7 7. Nc3 O-O 8. d5
exd5 9. cxd5 d6 10. e4 Ba6 11. Bxa6 Nxa6 12. Re1 Nd7 13. Bf4 Nc7 14. Qd3 a6 15.
Rad1 Ne8 16. e5 dxe5 17. d6 Bxd6 18. Bxe5 Nxe5 19. Nxe5 Qh4 20. g3 Qh3 21. Qf3
Rc8 22. Nd5 b5 23. Nc6 Kh8 24. Nb6 Rc7 25. Qd5 Rb7 26. Nd8 Rb8 27. Nxf7+ 1-0